000 00576nam a22002297a 4500
003 UA-OsUOA
001 51918
007 ta
008 20080128b un ||||| |||| 00| 0 ukr d
100 _aДеркач Б.
090 _a82.09(477)
_bД36
942 _cBK
040 _aUA-OsUOA
_bukr
_cUA-OsUOA
_dUA-OsUOA
245 _aЛеонід Глібов
300 _a252 с.
955 _a1
041 _aukr
080 _a82.09(477)
260 _aК.
_bДніпро
_c1982
650 7 _a82 Література. Літературознавство
_2UDC
999 _c338000
_d338000